Statistics for Latest Flag Changes

Click here to take the quiz!

General Stats

  • This quiz has been taken 20 times
  • The average score is 9 of 20

Answer Stats

DateContinentAddition/ChangeCountry% Correct
2009South AmericaRatio changedEcuador
80%
2022North AmericaChange of color from blue to cyanHonduras
80%
2006South AmericaStar addedVenezuela
73%
2011AfricaRestoration of 1951 flagLibya
67%
2011AfricaBecame a national flagSouth Sudan
67%
2021AsiaRestoration of 1997 flagAfghanistan
60%
2020EuropeCurrent design became defaultFrance
60%
2013South AmericaModification of the coat of armsParaguay
60%
2006AfricaColor change to a lighter blueD.R. Congo
40%
2008AsiaRemoval of stars and changes of Arabic scriptIraq
40%
2009AfricaCentral disc enlargedEthiopia
33%
2018AsiaMinor changes to small crossesGeorgia
33%
2017AfricaAddition of 2 red bandsMauritania
33%
2012EuropeThicker ornament patternsBelarus
27%
2006AsiaOlive branches altered, color and ratio changedCyprus
27%
2012AfricaRestoration of 1964 flagMalawi
27%
2010EuropeModification of the coat of armsSerbia
27%
2006AfricaComplete change (tricolor with emblem)Lesotho
20%
2010AsiaComplete change (tricolor with star)Myanmar
20%
2011AsiaColors alteredSouth Korea
20%

Score Distribution

Percentile by Number Answered

Percent of People with Each Score

Your Score History

You have not taken this quiz